| 000 | 00654nam a2200217 a 4500 | ||
|---|---|---|---|
| 999 |
_c4197 _d4197 |
||
| 001 | 4197 | ||
| 003 | BD-JhCC | ||
| 005 | 20171125132442.0 | ||
| 008 | 171123s1954 ii |||| ||a| 000 0 ben d | ||
| 035 | _a(BD-JhCC)4197 | ||
| 040 |
_aBD-JhCC _dBD-JhCC |
||
| 041 | _aben | ||
| 082 |
_a891.4409 _bDAY 1954 |
||
| 100 | _aদে, শ্রীসুশীলকুমার | ||
| 245 |
_aনানা নিবন্ধ / _cশ্রীসুশীলকুমার দে, |
||
| 260 |
_aকলিকাতা : _bমিত্র ও ঘোষ, _c1954 |
||
| 300 |
_a304 p. : _c22 cm. |
||
| 650 | _aBengali Literature | ||
| 942 |
_2ddc _cBK |
||